000 01552cam a22004694i 4500
003 PE-LiUPU
005 20250731172857.0
008 150616s2015 ag rb 000 0 d
020 _a9877013940
020 _a9789877013948
035 _a(Sirsi) a164148
040 _aPE-LiUPU
_bspa
_cPE-LiUPU
_erda
049 _aPRUA
082 0 4 _a230
_bT23
_221
100 1 _aTasker, David
_eautor.
245 1 3 _aConflicto salvación /
_cDavid Tasker.
264 1 _aBuenos Aires :
_bACES,
_c2015.
300 _a128 páginas ;
_c14 centimetros
336 _atext
_2rdacontent
337 _aunmediated
_2rdamedia
338 _avolume
_2rdacarrier
504 _aReferencias bibliográficas al final de cada capítulo.
526 _aSEG42
526 _aSEG41
526 _aSEG40
526 _aSEG39
526 _aP94
526 _aP87
526 _aP86
526 _aP85
526 _aP77
526 _aP76
526 _aP35
650 0 4 _aBien y mal .
650 0 4 _aSlavación.
910 _ajck
_bjos
_cjck
_d20161012
942 _2ddc
_cBOOK
949 _a230 T23
_wDEWEY
_c1
_i75038
_lCATALOGING
_mBUL
_p12.00
_r0
_sY
_tBOOK
_u2016-10-12
_xTEOLIGIA
_PP35
_0COMPRA
_o.CIRCNOTE. El documento es de alto precio.
_o.STAFF. Colección Teología
596 _a1
999 _a230 T23
_wLC
_c12999
_i75038
_d12999
_e2017-5-22
_f2021-11-9
_g4
_lCCODEBUL1
_mBUL
_n1
_p12.00
_r0
_sY
_tBOOK
_u2016-10-12
_xTEOLOGIA
_PP35
_0COMPRA
_o.STAFF. Colección Teología
980 _81
_gALBERTO SANCHEZ Responsable de Automatización